000
00311nam a22001337a 4500
008
170516b xxu||||| |||| 00| 0 eng d
020
_a
9780618301959
041
_a
eng
080
_2
6 ED
_a
94(100)
100
_a
16
101
_a
SHH
245
_a
A HISTORY OF WORLD SOCIETES
_c
MCKAY.J.P
942
_2
udc
_c
BK
999
_c
13403
_d
13403